Datum a čas kvízu
25
Celkem bodů
Celkový počet nahraných bodů na tomto kvízu bez doplňovacích otázek.
6.
Pořadí na kvízu
Konečné umístění týmu na tomto kvízu.
Zaznamenané odpovědi
| # | Otázka | Odpověď | Body | Výsledky |
|---|---|---|---|---|
| 1. | Sociální demokraté si novým šé... | 1 | ||
| 2. | Nejmladší evropský stát Kosovo... | 1 | ||
| 3. | Novou soškou lva inspirovanou... | 0 | ||
| 4. | Německá vláda hodlá výrazně ro... | 0 | ||
| 5. | Ester Ledecká si v sobotu jen... | 0 | ||
| 6. | Který z těchto členů skupiny P... | 1 | ||
| 7. | Otcem titána Oriona v řecké my... | 1 | ||
| 8. | Který z těchto výrobků nepatří... | 1 | ||
| 9. | Orion je kosmická loď vyvíjená... | 0 | ||
| 10. | Odrůda jablek Orion byla vyšle... | 1 |